| 000 | 00546nam a2200193 a 4500 | ||
|---|---|---|---|
| 005 | 20240831063705.0 | ||
| 008 | 991125s1945 mx 000 0 spa u | ||
| 035 | _aUPN01000012675 | ||
| 049 | _aSEP | ||
| 050 | 4 |
_aPZ74.9 _bA5.21 |
|
| 100 | 0 |
_aAntoniorrobles, _d1895-1983 _928525 |
|
| 245 | 1 | 3 |
_aUn cuento diario / _ccontado por Antoniorrobles. |
| 260 |
_aMéxico : _bSEP, _c1945. |
||
| 300 |
_a169 p. : _bil. |
||
| 440 | 0 |
_aCuadernos de 20 cuentos ; _v1 |
|
| 650 | 4 |
_aCuentos infantiles españoles _97725 |
|
| 905 | _aLibro | ||
| 999 |
_c12675 _d12675 |
||